| 000 | 00521nam a22001817a 4500 | ||
|---|---|---|---|
| 005 | 20251108172932.0 | ||
| 008 | 250721s9999 xx 000 0 ara d | ||
| 082 | 1 | 4 | _a944/كار |
| 100 | 1 | _aوهيبرت، كارليل | |
| 245 | 1 | 0 | _aالثورة الفرنسية / |
| 264 | 1 |
_aالإسكندرية : _bدار و مطابع المستقبل، |
|
| 300 | _a134ص | ||
| 650 | 1 | 7 | _aالتاريخ |
| 650 | 1 | 7 | _aتاريخ فرنسا |
| 650 | 1 | 7 | _aالثورة الفرنسية |
| 942 |
_2ddc _cBK |
||
| 999 |
_c92237 _d92237 |
||